Trzyliterowe skróty państw - Statystyki

Ogólne statystyki
  • Ten quiz został rozwiązany 210 razy
  • Średni wynik to 19 z 48
Statystyki odpowiedzi
Kraj Skrót % Poprawnych
Polska POL
96%
Stany Zjednoczone USA
88%
Niemcy GER
77%
Meksyk MEX
71%
Rosja RUS
68%
Cypr CYP
63%
Filipiny PHI
59%
Katar QAT
57%
Brazylia BRA
56%
Bułgaria BUL
55%
Kanada CAN
55%
Oman OMA
54%
Iran IRN
53%
Hiszpania ESP
51%
Afganistan AFG
49%
Kuba CUB
49%
Azerbejdżan AZE
46%
Bośnia i Hercegowina BIH
45%
Sri Lanka SRI
45%
Chiny CHN
44%
Egipt EGY
44%
Rwanda RWA
44%
Jemen YEM
44%
Gruzja GEO
43%
Łotwa LAT
42%
Austria AUT
41%
Holandia NED
40%
Komory COM
38%
Irak IRQ
38%
Wietnam VIE
37%
Nowa Zelandia NZL
33%
Gwatemala GUA
32%
Gwinea GUI
32%
Mali MLI
32%
Fidżi FIJ
31%
Ekwador ECU
30%
Słowacja SVK
29%
Szwajcaria SUI
27%
Libia LBA
23%
Birma(Mjanma) MYA
13%
Litwa LTU
12%
Suazi(Eswatini) SWZ
11%
Bahrajn BRN
10%
Czarnogóra MNE
10%
Rumunia ROU
9%
Kirgistan KGZ
7%
Tadżykistan TJI
5%
Korea północna PRK
4%
Nie znaleziono quizów pasujących do podanych kryteriów
Rozkład punktacji
Procent ludzi z każdym wynikiem
Percentyl według liczby udzielonych odpowiedzi
Twoja historia wyników
Nie rozwiązałeś tego quizu